Normal view
MARC view
Entry Topical Term
001 - CONTROL NUMBER
- control field: 9556
003 - CONTROL NUMBER IDENTIFIER
- control field: BD-RjUL
005 - DATE AND TIME OF LATEST TRANSACTION
- control field: 20231015154711.0
008 - FIXED-LENGTH DATA ELEMENTS
- fixed length control field: 231015|| aca||aabn | a|a d
040 ## - CATALOGING SOURCE
- Original cataloging agency: BD-RjUL
- Transcribing agency: BD-RjUL
150 ## - HEADING--TOPICAL TERM
- Topical term or geographic name entry element: Rice
- General subdivision: Field and plantation crops
670 ## - SOURCE DATA FOUND
- Source citation: Work cat.: (BD-RjUL)82115: Bhuyan, Md. Halim Mahmud 9555, Water and fertilizer use efficiency of Rice under raised bed cultivation /, 2014